| 000 | 00421 a2200169 4500 | ||
|---|---|---|---|
| 001 | 068011 | ||
| 003 | OSt | ||
| 005 | 20220113153259.0 | ||
| 008 | |||
| 082 |
_a512.5 _bL25I |
||
| 100 | 1 | _aLang, Serge | |
| 245 | 1 |
_aIntroduction to linear algebra _cby Serge Lang |
|
| 260 |
_aNew York _bSpringer _c2009 |
||
| 300 | _a293p. | ||
| 653 | _aAlgebras, Linear; Mathematics | ||
| 942 |
_2ddc _cBK |
||
| 999 |
_c1850 _d1850 |
||